• 首页
  • 本馆介绍
  • 公告通知
  • 最新文献
  • 馆藏检索
  • 电子资源
  • 读者导购
  • 参考咨询
  • 我的图书馆
  • 登录
  • 详细信息显示
  • 放入我的书架
  • 预约/预借图书
  • 作者相关作品
  • 分类相关作品
  • 丛书相关作品
  • 出版社相关作品

书目信息

  • 表格格式
  • 工作单格式
  • 卡片格式
题名:
许慎与说文解字
    
 
作者: 姚孝遂 著
分册:  
出版信息: 北京   中华书局  1983.7
页数: 89页
开本: 26cm
丛书名:
单 册:
中图分类: H161
科图分类:
主题词: 汉语--词典学
电子资源:
ISBN:
000 00567nam0 2200205 45
001 0305081164
005 20040429103855.2
010    @dCNY1.10
091    @a9018.141
100    @a20030508d1983 km y0chiy0120 ea
101 0  @achi
105    @a z 000yy
200 1  @a许慎与说文解字@AXu Shen Yu Shuo Wen Jie Zi@f姚孝遂著@FYao Xiao Sui Zhu
210    @a北京@c中华书局@d1983.7
215    @a89页@d26cm
606 0  @a汉语@x词典学
690    @aH161@v3
701  0 @a姚孝遂@4著
801    @aCN@bTSTC@c20030508
905    @dH161@e11@f5@b117571-575@b161452-453@f2@b97932-933@f2
    
    许慎与说文解字/姚孝遂著.-北京:中华书局,1983.7
    89页;26cm
    
    
    ISBN :CNY1.10
    
●
相关链接 在E读中查询图书 在五车中查询图书 在当当中查询图书 在豆瓣中查询图书


正题名:许慎与说文解字     索取号:H161/11         预约/预借

序号 登录号 条形码 馆藏地/架位号 状态 备注
1 0097932   000850172   第四借阅区/ [索取号:H161/11] 在馆    
2 0097933   000850421   第四借阅区/ [索取号:H161/11] 在馆    
3 0097934   000850467   第二样本阅览室/ [索取号:H161/11] 在馆    
4 0111608   202073629   第二样本阅览室/ [索取号:H161/11] 在馆    
5 0117571   000850252   第四借阅区/ [索取号:H161/11] 在馆    
6 0117572   000850298   第四借阅区/ [索取号:H161/11] 在馆    
7 0117573   000850332   第四借阅区/ [索取号:H161/11] 在馆    
8 0117574   000850092   第四借阅区/ [索取号:H161/11] 在馆    
9 0117575   000850387   第四借阅区/ [索取号:H161/11] 在馆    
10 0161452   000850136   第四借阅区/ [索取号:H161/11] 在馆    
11 0161453   000850216   第四借阅区/ [索取号:H161/11] 在馆    
12 0161454   001789201   密集书库/ [索取号:H161/11] 在馆    
唐山师范学院图书馆 欢迎您!
大连网信软件有限公司© 版权所有